What is the architect doing the jungle? Biometrics
Saved in:
| Main Author: | |
|---|---|
| Format: | Book |
| Language: | English |
| Published: |
springer Wien
2013
|
| Tags: |
Add Tag
No Tags, Be the first to tag this record!
|
MARC
| LEADER | 00000nam a22000007a 4500 | ||
|---|---|---|---|
| 008 | 210830b ||||| |||| 00| 0 eng d | ||
| 020 | |a 1783709115282 | ||
| 100 | |a Imhof ,Barbara. | ||
| 245 | |a What is the architect doing the jungle? |b Biometrics |c Barbara Imhof ,Petra Gruber (eds) essay by Jens Badura {st al...] |e p |g 98P | ||
| 260 | |b springer Wien |c 2013 |d Book |h New York |i 696166 |i 696167 |l NA 2500.I3 |m Architecture- Aesthetics |m Art- Research | ||
| 500 | |a "It includes biographies" | ||
| 942 | |a lcc |c BK |e Olagoke ,M.A. |f 30/08/2021 | ||
| 952 | |0 0 |1 0 |2 lcc |4 0 |7 0 |9 3290 |a HOL |b EDM |c LP |d 2021-08-30 |o NA 2500.I3 |p 2021-66999 |r 2021-08-30 00:00:00 |t 696167 |w 2021-08-30 |y BK | ||
| 952 | |0 0 |1 0 |2 lcc |4 0 |7 0 |9 3291 |a HOL |b HOL |c LP |d 2021-08-30 |o NA 2500.I3 |p 2021-67000 |r 2021-08-30 00:00:00 |t 696166 |w 2021-08-30 |y BK | ||
| 999 | |c 1643 |d 1643 | ||